000 00544nam a2200229Ia 4500
003 OSt
005 20220924140715.0
006 a|||||r|||| 00| 0
007 ta
008 220923b |||||||| |||| 00| 0 ben d
024 _a296047
037 _cTextual
040 _aARTS
_cARTS
_bben
041 _2ben
_aben
082 _aO157,3N12,7, L2
100 _aNandi
245 0 _aHriday jwala
260 _c1972
650 _aBENGALI LITERATURE
942 _hO157,3N12,7, L2
_cTEXL
_2CC
999 _c445175
_d445175